| 000 | 00405nam a2200133 a 4500 | ||
|---|---|---|---|
| 001 | 000038144 | ||
| 005 | 20201002031201.0 | ||
| 008 | 130319s1984 dr 000 0 spa d | ||
| 040 |
_aDO-SdBNP _bspa _cBNPHU |
||
| 100 | 1 |
_aHernández, Ángel _911092 |
|
| 245 | 1 | 0 |
_aTemas de la problematica educativa actual / _cÁngel Hernández. |
| 260 |
_aSanto Domingo : _bAlfa y Omega, _c1984. |
||
| 300 |
_a289 p. ; _c23 cm. |
||
| 999 |
_c37634 _d37634 |
||